000
00223nmm a2200085Ia 4500
008
220120s9999||||xx |||||||||||||||||und||
100
_a
Digit
245
0
_a
Games, gaming clients, gaming software
260
_a
Nine dot Nine
_c
2016
999
_c
140007
_d
140007